Papa Mama Loca Pipa lyrics- Minions - Statistics

General Stats
  • This quiz has been taken 11 times
  • The average score is 55 of 169
Answer Stats
Answer % Correct
pa
100%
loca
90%
mama
90%
Papa
90%
pipa
80%
la
60%
Pito
50%
gusta
40%
mila
40%
po
40%
toca
40%
bo
30%
cocca
30%
lasagna
30%
macarena
30%
massala
30%
milo
30%
pato
30%
pissa
30%
taka
30%
tika
30%
tiki
30%
bella
20%
Bella
20%
boca
20%
bologna
20%
cepa
20%
Chaipa
20%
ella
20%
joi
20%
Kika
20%
koda
20%
lana
20%
lebel
20%
maka
20%
Mami
20%
Moka
20%
moule
20%
moustache
20%
mucha
20%
Pao
20%
pola
20%
poulet
20%
rumbada
20%
bomba
10%
caca
10%
coca
10%
demitoka
10%
emitoka
10%
fissa
10%
Fissa
10%
lettus
10%
mela
10%
mele
10%
mira
10%
Oepa
10%
pati
10%
pika
10%
pila
10%
toka
10%
fisa
0%
No matching quizzes found
Score Distribution
Percent of People with Each Score
Percentile by Number Answered
Your Score History
You have not taken this quiz